Les 20 préfectures les plus proches de Bastia - Statistiques

Statistiques générales
  • Ce quiz a été pris 175 fois
  • Le résultat moyen est 16 sur 20
Statistiques - réponses
distance (en km) ville préfecture % Correct
339 Marseille
100%
209 Nice
99%
104 Ajaccio
98%
464 Montpellier
93%
291 Toulon
93%
501 Lyon
92%
432 Nimes
88%
401 Avignon
84%
536 Perpignan
82%
507 Saint-Etienne
82%
406 Grenoble
81%
341 Gap
80%
444 Annecy
78%
442 Valence
78%
426 Chambery
74%
303 Digne les bains
71%
520 Mende
66%
451 Privas
65%
515 Bourg en Bresse
63%
517 Le Puy en Velay
61%
Aucun quiz correspondant
Distribution des résultats
% des personnes avec chaque résultat
Percentile par nombre de réponses
Votre historique - résultats
Vous n’avez pas pris ce quiz